NFL QB's to throw 4+ picks - Statistics

General Stats
  • This quiz has been taken 19 times
  • The average score is 14 of 25
Answer Stats
Year Team Opp. Team Player % Correct
2025 Eagles Chargers Jalen Hurts
100%
2023 49ers Ravens Brock Purdy
94%
2024 Lions Texans Jared Goff
94%
2024 Falcons Chargers Kirk Cousins
94%
2025 Seahawks Rams Sam Darnold
88%
2022 Bengals Steelers Joe Burrow
71%
2021 Browns Packers Baker Mayfield
65%
2019 Buccaneers Texans Jameis Winston
65%
2021 Ravens Browns Lamar Jackson
65%
2021 Titans Texans Ryan Tannehill
65%
2021 Jaguars Titans Trevor Lawrence
65%
2019 Bengals Patriots Andy Dalton
59%
2019 Chargers Chiefs Philip Rivers
59%
2021 Texans Bills Davis Mills
53%
2021 Jets Patriots Zach Wilson
53%
2021 Saints Cowboys Taysom Hill
47%
2025 Vikings Seahawks Max Brosmer
41%
2023 Commanders Bills Sam Howell
41%
2021 Bears Cardinals Andy Dalton
35%
2020 Broncos Raiders Drew Lock
35%
2021 Jets Bills Mike White
35%
2023 Vikings Lions Nick Mullens
35%
2023 Vikings Bears Joshua Dobbs
29%
2019 Steelers Bills Devlin Hodges
18%
2020 Jaguars Steelers Jake Luton
18%
No matching quizzes found
Score Distribution
Percent of People with Each Score
Percentile by Number Answered
Your Score History
You have not taken this quiz